[Event "Ruhrgebiet Regionalliga 1516"]
[Site "Germany"]
[Date "2016.04.10"]
[Round "8.3"]
[White "Ozerov, Ilja"]
[Black "Marx, Henning"]
[Result "1-0"]
[WhiteElo "2153"]
[BlackElo "2001"]
[PlyCount "57"]
[EventDate "2015.09.13"]
[EventType "team-tourn"]
[EventRounds "9"]
[EventCountry "GER"]
[SourceTitle "EXT 2022"]
[Source "ChessBase"]
[SourceDate "2021.10.06"]
[SourceVersion "1"]
[SourceVersionDate "2021.10.06"]
[SourceQuality "1"]
[WhiteTeam "Muelheim Nord III"]
[BlackTeam "Bochum-Linden"]
[WhiteTeamCountry "GER"]
[BlackTeamCountry "GER"]

1. f4 d5 2. Nf3 Nf6 3. g3 g6 4. Bg2 Bg7 5. 0-0 0-0 6. d3 c6 7. h3 Nbd7 8. Nc3 Qc7 9. e4 dxe4 10. dxe4 e5 11. f5 b6 12. g4 Ba6 13. Re1 Rfd8 14. Qd2 Ne8 15. Qf2 f6 16. g5 gxf5 17. exf5 Nd6 18. gxf6 Bxf6 19. Ng5 Nf8 20. Nge4 Nxe4 21. Nxe4 Qe7 22. Nxf6+ Qxf6 23. Qg3+ Qg7 24. Qxg7+ Kxg7 25. Bg5 Rd6 26. Rxe5 Nd7 27. Re7+ Kg8 28. Bf4 Rd4 29. Bxc6 1-0

[Event "Ruhrgebiet Verbandsliga Gruppe 1 1415"]
[Site "Germany"]
[Date "2015.02.08"]
[Round "6"]
[White "Mueller Clostermann, Bruno"]
[Black "Marx, Henning"]
[Result "1/2-1/2"]
[WhiteElo "2038"]
[BlackElo "1958"]
[PlyCount "45"]
[EventDate "2014.09.21"]
[EventType "team-tourn"]
[EventRounds "9"]
[EventCountry "GER"]
[SourceTitle "EXT 2022"]
[Source "ChessBase"]
[SourceDate "2021.10.06"]
[SourceVersion "1"]
[SourceVersionDate "2021.10.06"]
[SourceQuality "1"]
[WhiteTeam "Katernberg SF III"]
[BlackTeam "Bochum-Linden"]
[WhiteTeamCountry "GER"]
[BlackTeamCountry "GER"]

1. d4 d5 2. Nf3 Nf6 3. g3 Bf5 4. Bg2 e6 5. c4 c6 6. 0-0 Be7 7. Nc3 Nbd7 8. Nd2 0-0 9. e4 dxe4 10. Ndxe4 Nxe4 11. Nxe4 Nf6 12. Nc3 Qa5 13. Qb3 Qb4 14. Qxb4 Bxb4 15. Rd1 Rfd8 16. Bg5 Rd7 17. Bxf6 gxf6 18. a3 Ba5 19. b4 Bb6 20. c5 Bd8 21. b5 Rc8 22. bxc6 bxc6 23. Be4 1/2-1/2

[Event "Ruhrgebiet Verbandsliga Gruppe 1 1415"]
[Site "Germany"]
[Date "2014.11.16"]
[Round "3"]
[White "Marx, Henning"]
[Black "Schaefer, Michael"]
[Result "1/2-1/2"]
[WhiteElo "1958"]
[BlackElo "1690"]
[PlyCount "85"]
[EventDate "2014.09.21"]
[EventType "team-tourn"]
[EventRounds "9"]
[EventCountry "GER"]
[SourceTitle "EXT 2022"]
[Source "ChessBase"]
[SourceDate "2021.10.06"]
[SourceVersion "1"]
[SourceVersionDate "2021.10.06"]
[SourceQuality "1"]
[WhiteTeam "Bochum-Linden"]
[BlackTeam "Herne Sodingen II"]
[WhiteTeamCountry "GER"]
[BlackTeamCountry "GER"]

1. d4 Nf6 2. Nf3 d5 3. Bg5 Ne4 4. Bh4 Bf5 5. e3 Nd7 6. c4 c6 7. Nc3 Qb6 8. Qb3 Qxb3 9. axb3 e6 10. c5 Be7 11. Nxe4 Bxe4 12. Bg3 f6 13. Nd2 Bg6 14. b4 0-0 15. b5 e5 16. bxc6 bxc6 17. Ra6 Nb8 18. Ra3 Nd7 19. Be2 Rfe8 20. Kd1 Reb8 21. Kc1 Rb4 22. Nf3 exd4 23. exd4 a5 24. Rd1 Ra7 25. Nh4 f5 26. Nxg6 hxg6 27. Rad3 Rab7 28. R1d2 Bf6 29. f4 a4 30. Bf2 a3 31. Rxa3 Kf7 32. Ra6 Nb8 33. Ra2 Nd7 34. Ra6 Nb8 35. Ra2 Nd7 36. g3 g5 37. Be3 gxf4 38. gxf4 g6 39. Ra6 Nb8 40. Ra8 Nd7 41. Ba6 Rc7 42. Be2 Nf8 43. Ra3 1/2-1/2

[Event "Duesseldorf Nord Cup 8th GrE"]
[Site "Duesseldorf"]
[Date "2008.08.03"]
[Round "5"]
[White "Marx, Henning"]
[Black "Richters, Marc"]
[Result "1/2-1/2"]
[WhiteElo "1882"]
[BlackElo "1866"]
[PlyCount "93"]
[EventDate "2008.08.01"]
[EventType "tourn"]
[EventRounds "5"]
[EventCountry "GER"]
[SourceTitle "EXT 2017"]
[Source "ChessBase"]
[SourceDate "2016.10.25"]
[SourceVersion "1"]
[SourceVersionDate "2016.10.25"]
[SourceQuality "1"]

1. d4 Nf6 2. Nf3 b6 3. Bg5 Bb7 4. Nbd2 d5 5. e3 e6 6. Bd3 Be7 7. Ne5 0-0 8. f4 Nbd7 9. Ndf3 Ne4 10. Bxe7 Qxe7 11. 0-0 c5 12. c3 Ndf6 13. Qe1 Ne8 14. Nd2 N8d6 15. Rf3 f6 16. Ng4 Rac8 17. Rh3 g6 18. Nf3 b5 19. Nh6+ Kh8 20. g4 Qg7 21. Qh4 a5 22. g5 f5 23. Ne5 Rc7 24. Qe1 Rfc8 25. Rf3 Qe7 26. h4 Kg7 27. Rh3 Rh8 28. Qe2 b4 29. cxb4 axb4 30. Qg2 c4 31. Bxe4 dxe4 32. h5 c3 33. bxc3 bxc3 34. hxg6 hxg6 35. Rc1 Ba6 36. Qh2 Qe8 37. Qc2 Qb5 38. Rh2 Rb8 39. Nxg6 Kxg6 40. Qd1 Qf1+ 41. Qxf1 Bxf1 42. Kxf1 Rb2 43. Rhc2 Nb5 44. a4 Rxc2 45. Rxc2 Na3 46. Rc1 Kg7 47. d5 1/2-1/2

[Event "Duesseldorf Nord Cup 8th GrE"]
[Site "Duesseldorf"]
[Date "2008.08.02"]
[Round "3"]
[White "Marx, Henning"]
[Black "Miller, Eduard"]
[Result "1/2-1/2"]
[WhiteElo "1882"]
[BlackElo "1840"]
[PlyCount "96"]
[EventDate "2008.08.01"]
[EventType "tourn"]
[EventRounds "5"]
[EventCountry "GER"]
[SourceTitle "EXT 2017"]
[Source "ChessBase"]
[SourceDate "2016.10.25"]
[SourceVersion "1"]
[SourceVersionDate "2016.10.25"]
[SourceQuality "1"]

1. d4 Nf6 2. Nf3 d5 3. Bg5 e6 4. e3 Nbd7 5. Bd3 c5 6. c3 Bd6 7. Nbd2 Qc7 8. Rc1 b6 9. Qe2 Bb7 10. e4 dxe4 11. Nxe4 Nxe4 12. Bxe4 Bxe4 13. Qxe4 0-0 14. 0-0 h6 15. Bh4 Rae8 16. Rcd1 f5 17. Qd3 c4 18. Qd2 Rf7 19. Rfe1 g5 20. Bxg5 hxg5 21. Qxg5+ Rg7 22. Qe3 Bf4 23. Qe2 Nf6 24. g3 Bd6 25. Ne5 Bxe5 26. dxe5 Nd5 27. Rd4 b5 28. Qh5 Qf7 29. Qe2 f4 30. Qf1 f3 31. Ree4 Qf5 32. Rh4 Qc2 33. h3 Qxb2 34. Qe1 Nxc3 35. Rdg4 Ne2+ 36. Kh2 Qxe5 37. Qd2 Qa1 38. Rxg7+ Qxg7 39. Rg4 Qxg4 40. hxg4 c3 41. Qh6 Re7 42. Qg6+ Kf8 43. Qf6+ Ke8 44. Qxf3 Rc7 45. Qxe2 c2 46. Qxe6+ Kd8 47. Qg8+ Kd7 48. Qd5+ Kc8 1/2-1/2

[Event "Duesseldorf Nord Cup 8th GrE"]
[Site "Duesseldorf"]
[Date "2008.08.01"]
[Round "1"]
[White "Brunder, Andre"]
[Black "Marx, Henning"]
[Result "1/2-1/2"]
[WhiteElo "1852"]
[BlackElo "1882"]
[PlyCount "119"]
[EventDate "2008.08.01"]
[EventType "tourn"]
[EventRounds "5"]
[EventCountry "GER"]
[SourceTitle "EXT 2017"]
[Source "ChessBase"]
[SourceDate "2016.10.25"]
[SourceVersion "1"]
[SourceVersionDate "2016.10.25"]
[SourceQuality "1"]

1. e4 c6 2. d4 d5 3. exd5 cxd5 4. Bd3 Nf6 5. Nc3 e6 6. Nf3 Nc6 7. 0-0 Be7 8. Re1 a6 9. Bf4 Bd7 10. Be5 Nxe5 11. Nxe5 Rc8 12. Nxd7 Qxd7 13. Ne2 0-0 14. Nf4 g6 15. Qf3 Bd6 16. Ne2 Nh5 17. g4 Ng7 18. Ng3 Qc7 19. h4 Qb6 20. Qe3 Rfe8 21. h5 Re7 22. hxg6 fxg6 23. Rab1 Rf8 24. c3 Ref7 25. Qh6 Bxg3 26. fxg3 Qc7 27. Re5 Rf2 28. Rf1 Rxf1+ 29. Bxf1 Qf7 30. Qf4 Qxf4 31. gxf4 Rxf4 32. Be2 Kf7 33. Kg2 Ke7 34. Kg3 Rf8 35. c4 dxc4 36. Bxc4 Kd6 37. a4 h5 38. Bd3 hxg4 39. Bxg6 Nf5+ 40. Bxf5 Rxf5 41. Re4 Rg5 42. Kf4 Rg6 43. Kg3 Kd5 44. Rf4 Kc4 45. Rf7 b5 46. axb5 axb5 47. Rb7 Kxd4 48. Rxb5 e5 49. Rb4+ Kd3 50. Rb3+ Kc4 51. Re3 Kd4 52. Re1 e4 53. Kf4 Rf6+ 54. Kxg4 Kd3 55. Rd1+ Ke2 56. Rd5 e3 57. Kg3 Rg6+ 58. Kh3 Ke1 59. b4 e2 60. b5 1/2-1/2